Missing Word: 'J' in Every Category Quiz Stats

 Plays Quiz Updated Feb 8, 2018

Challenge
Share
Tweet
Embed
Score 0/15 Timer 02:00
0 Plays Today
Hint Missing Word % Correct
You Can't _____ a Book by Its CoverJudge
95.9%
_____ o' LanternJack
94.5%
21 _____ StreetJump
94%
_____ Grand CherokeeJeep
81.4%
_____ Memorial, Washington, D.C.Jefferson
75.3%
_____ IscariotJudas
73.4%
Florence Griffith _____Joyner
69.9%
The Runaway _____Jury
66%
Hint Missing Word % Correct
Smokey _____ CafeJoe's
64.5%
_____ Ponce de LeónJuan
52.1%
_____ Got a GunJanie's
46.6%
_____ GutenbergJohannes
45.2%
_____ at NurembergJudgment
43.3%
Earthworm _____Jim
33.4%
Tune in to _____ - (Sporcle Badge)June
19.3%

Today's Daily Dose

Missing Word
Hayao Miyazaki

Word Ladder
Florida

On This Day
December 13th II

You're not logged in!

Compare scores with friends on all Sporcle quizzes.
OR
Log In

You Might Also Like...

Show Comments

Extras

Top Quizzes Today


Score Distribution

Your Account Isn't Verified!

In order to create a playlist on Sporcle, you need to verify the email address you used during registration. Go to your Sporcle Settings to finish the process.

Report this User

Report this user for behavior that violates our Community Guidelines.

Details: